University Home | Library Home | Institutional Repository

Management solutions for veterinary practices/ (Record no. 2815)

MARC details
000 -LEADER
fixed length control field 00452cas a2200145 4500
008 - FIXED-LENGTH DATA ELEMENTS--GENERAL INFORMATION
fixed length control field 170331n eng u
035 ## - SYSTEM CONTROL NUMBER
System control number (Sirsi) a202203
050 ## - LIBRARY OF CONGRESS CALL NUMBER
Classification number SF 612 MER 2011
100 ## - MAIN ENTRY--PERSONAL NAME
Personal name Mercader, P.
245 ## - TITLE STATEMENT
Title Management solutions for veterinary practices/
Statement of responsibility, etc. Pere Mercader.
260 ## - PUBLICATION, DISTRIBUTION, ETC.
Place of publication, distribution, etc. Zaragoza:
Name of publisher, distributor, etc. Grupo Asis Biomedia,
Date of publication, distribution, etc. 2011
300 ## - PHYSICAL DESCRIPTION
Extent xvii, 166p.: ill.
504 ## - BIBLIOGRAPHY, ETC. NOTE
Bibliography, etc. note Includes bibliographical references.
650 ## - SUBJECT ADDED ENTRY--TOPICAL TERM
Topical term or geographic name entry element Veterinarians
Holdings
Withdrawn status Lost status Source of classification or shelving scheme Damaged status Not for loan Home library Current library Shelving location Total Checkouts Full call number Barcode Date last seen Copy number Price effective from Koha item type
    Library of Congress Classification     Vet Medicine Library Vet Medicine Library On Shelf   SF 612 MER 2011 33729000813183 08/09/2019 1 08/09/2019 Book
© 2026 - The University of Zambia Library - Koha v25.11